Southern African Capitals - Statistics

General Stats
  • This quiz has been taken 68 times
  • The average score is 4 of 5
Answer Stats
Country Answer % Correct
South Africa (legislative) Cape Town
88%
Namibia Windhoek
88%
Eswatini (executive) Mbabane
73%
Botswana Gaborone
65%
Lesotho Maseru
46%
No matching quizzes found
Score Distribution
Percent of People with Each Score
Percentile by Number Answered
Your Score History
You have not taken this quiz